000 00404nam a2200181Ia 4500
008 100917s9999 xx 000 0 und d
082 _b47051
100 _aBarbara Goolden
245 _aMinty
260 _bWhite Lion
_c1974
300 _a152
365 _b0
520 _aबालविभाग
630 _aMinty
650 _aबालविभाग
730 _aMinty
942 _cBOOK
999 _c652445
_d652442